书目信息 |
| 题名: |
PAINTING WITH PASTEL色粉画教程
|
|
| 作者: | 卡萝·卡切尔 著 | |
| 分册: | ||
| 出版信息: | 杭州 浙江人民美术出版社 1999.04 |
|
| 页数: | 112页 | |
| 开本: | 16开 | |
| 丛书名: | ||
| 单 册: | ||
| 中图分类: | J215-43 | |
| 科图分类: | ||
| 主题词: | 绘画--技法(美术) | |
| 电子资源: | ||
| ISBN: | 7-5340-0927-8 | |
| 000 | 00606nam0 2200193 45 | |
| 001 | 0010262087 | |
| 005 | 20001026203208.1 | |
| 010 | @a7-5340-0927-8@d45.00元 | |
| 100 | @a20001026d1999 km y0chiy0120 ea | |
| 101 | 0 | @achi |
| 105 | @a z 000yy | |
| 200 | 1 | @aPAINTING WITH PASTEL色粉画教程@APAINTING WITH PASTEL Se Fen Hua Jiao Cheng@f卡萝·卡切尔著@FKa Luo·Ka Qie Er Zhu |
| 210 | @a杭州@c浙江人民美术出版社@d1999.04 | |
| 215 | @a112页@d16开 | |
| 606 | 0 | @a绘画@x技法(美术) |
| 690 | @aJ215-43@v3 | |
| 701 | 0 | @a卡萝·卡切尔@4著 |
| 801 | @aCN@bPftUser@c20001026 | |
| 905 | @b192408-412@dJ215-43@eK224@f5 | |
| PAINTING WITH PASTEL色粉画教程/卡萝·卡切尔著.-杭州:浙江人民美术出版社,1999.04 |
| 112页;16开 |
| ISBN 7-5340-0927-8:45.00元 |
| ● |
| 相关链接 |
|
|
|
正题名:PAINTING WITH PASTEL色粉画教程
索取号:J215-43/K224
 
预约/预借
| 序号 | 登录号 | 条形码 | 馆藏地/架位号 | 状态 | 备注 |
| 1 | 192408 | 201924089 | 自科二线404/309社科库 72排2列6层/ [索取号:J215-43/K224] | 在馆 | |
| 2 | 192409 | 201924098 | 社科库309/309社科库 72排2列6层/ [索取号:J215-43/K224] | 在馆 | |
| 3 | 192410 | 201924105 | 自科二线404/309社科库 72排2列6层/ [索取号:J215-43/K224] | 在馆 | |
| 4 | 192411 | 201924114 | 社科库309/309社科库 72排2列6层/ [索取号:J215-43/K224] | 在馆 | |
| 5 | 192412 | 201924123 | 社科库309/309社科库 72排2列6层/ [索取号:J215-43/K224] | 在馆 |